000 00285nam a22001337a 4500
008 170613b xxu||||| |||| 00| 0 eng d
020 _a9780385511841
041 _aeng
080 _a32
100 _a19
101 _aSHP
245 _aLIBERAL FASCISM
_cGOLDBERG, J
942 _2udc
_cBK
999 _c17095
_d17095